| 000 | 00914cab a2200265 4500 | ||
|---|---|---|---|
| 001 | ABS52717 | ||
| 008 | 090401t1995 xxu||||| |||| 00| 0 eng d | ||
| 035 | _a(Sirsi) u92731 | ||
| 041 | _aeng | ||
| 100 | _aVilagrasa, J. | ||
| 245 | _aPost-war redevelopment and conservation in Britain: ideal and reality in the historic core of Worcester | ||
| 260 | _c1995 | ||
| 350 | _a0 | ||
| 490 |
_aPlanning Perspectives _v10(2) APRIL 1995, 149-172(13) |
||
| 520 | _aShows how most historic centres were spared sweeping plans for post-war redevelopment and how development proposals were dealt with by local planning authorities. The study focuses on Worcester. | ||
| 650 | _aCONSERVATION PLANNING | ||
| 650 | _aHISTORIC TOWNS | ||
| 650 | _aPOST-WAR REDEVELOPMENT | ||
| 650 | _aREBUILDING | ||
| 650 | _aWORCESTER | ||
| 690 | _aCONSERVATION | ||
| 700 | _aLarkham, P.J. | ||
| 942 | _n0 | ||
| 948 | _c04/03/1997 | ||
| 999 |
_c58774 _d58774 |
||